Annual reports on the progress of chemistry

Sparad:
Bibliografiska uppgifter
Materialtyp: Bok
Språk:Undetermined
Publicerad: London Royal Society of Chemistry 2005
Ämnen:
Taggar: Lägg till en tagg
Inga taggar, Lägg till första taggen!
Thư viện lưu trữ: Trung tâm Học liệu Trường Đại học Cần Thơ
LEADER 00468nam a2200157Ia 4500
001 CTU_109542
008 210402s9999 xx 000 0 und d
082 |a 546.05 
082 |b A613 
245 0 |a Annual reports on the progress of chemistry 
260 |a London 
260 |b Royal Society of Chemistry 
260 |c 2005 
650 |a Chemistry, inorganic,Chemistry 
904 |i Năm, Q. Hiếu (sửa) 
980 |a Trung tâm Học liệu Trường Đại học Cần Thơ